La dinámica del capitalismo

Gespeichert in:
Bibliographische Detailangaben
1. Verfasser: Braudel, Fernand (VerfasserIn)
Format: Buch
Sprache:Spanisch
Veröffentlicht: Ciudad de México, México Fondo de Cultura Económica 1986
Schriftenreihe:Breviarios del Fondo de Cultura Económica, 427
Schlagworte:
Tags: Tag hinzufügen
Keine Tags, Fügen Sie den ersten Tag hinzu!

MARC

LEADER 00000cam a2200000 a 4500
001 UCX1431
003 CL-VaPUC
005 20201212001037.0
008 900822e19860000MX |||||||||||||||||spa|d
999 |c 222665  |d 222663 
020 |a 9789681640484 
040 |c Pontificia Universidad Católica de Valparaíso 
082 0 4 |a 330.122 BRA 1986  |2 21 
100 0 |a Braudel, Fernand  |e author  |9 316917 
245 1 3 |a La dinámica del capitalismo 
260 |a Ciudad de México, México   |b Fondo de Cultura Económica  |c 1986 
300 |a 127 páginas  
490 0 |a Breviarios del Fondo de Cultura Económica, 427 
505 |a Comprende tres conferencias del autor en la Universidad de Johns Hopkins, Estados Unidos en 1977 
583 |a last modification  |c 20151201 09:09:32  |k Rodrigo Vera 
650 0 |a Capitalismo  |9 255255 
852 |a BIBCUR 
942 |c BK  |2 ddc 
945 |d 19900822 00:00:00 
952 |0 0  |1 0  |4 0  |6 330_122000000000000_BRA_1986  |7 0  |8 P  |9 217722  |a BIBARQ  |b BIBARQ  |d 2019-11-15  |i 4037839  |o 330.122 BRA 1986  |p 4037839  |r 2025-01-20  |w 2019-11-15  |y BK  |k ARQ 
952 |0 0  |1 0  |3 erb  |4 0  |6 330_122000000000000_BRA_1986  |7 0  |8 A  |9 217723  |a BIBGIM  |b BIBGIM  |i 5084482  |o 330.122 BRA 1986  |p 5084482  |r 2025-01-15  |w 2019-11-15  |y BK  |z Catalogado en:20140619  |k MTS 
952 |0 0  |1 0  |3 erb  |4 0  |6 330_122000000000000_BRA_1986  |7 0  |8 A  |9 217724  |a BIBGIM  |b BIBGIM  |i 5084490  |o 330.122 BRA 1986  |p 5084490  |r 2025-01-15  |w 2019-11-15  |y BK  |z Catalogado en:20140619  |k MTS 
952 |0 0  |1 0  |2 ddc  |4 0  |6 330_122000000000000_BRA_1986  |7 0  |8 A  |9 577088  |a BIBHIS  |b BIBHIS  |d 2020-12-11  |e 3  |g 4425.00  |i 5579562  |l 5  |m 2  |o 330.122 BRA 1986  |p 5579562  |r 2025-01-20  |s 2024-04-16  |t 6  |v 4425.00  |w 2020-12-11  |y BK  |k HIS 
952 |0 0  |1 0  |2 ddc  |4 0  |6 330_122000000000000_BRA_1986  |7 0  |8 A  |9 577089  |a BIBHIS  |b BIBHIS  |d 2020-12-11  |e 3  |g 4425.00  |i 5579570  |l 1  |m 2  |o 330.122 BRA 1986  |p 5579570  |r 2025-01-20  |s 2022-04-18  |t 7  |v 4425.00  |w 2020-12-11  |y BK  |k HIS